Možný prístup manažmentu k talentom

Enregistré dans:
Détails bibliographiques
Auteur principal: Kormancová, Monika
Format: Chapitre de livre
Langue:slovaque
Tags: Ajouter un tag
Pas de tags, Soyez le premier à ajouter un tag!

MARC

LEADER 00000nla$a2200000$$$4500
001 0117188
005 20221128083651.7
041 0 |a slo 
044 |a SK 
245 1 0 |a Možný prístup manažmentu k talentom  |c Monika Kormancová 
100 1 |a Kormancová, Monika